00374 a2200145 4500260001000000100001700010260004000027245007500067300001000142650002500152650001600177260000900193130000800202020001800210 aParis aMURITH,Jean. bTechnique & Documentation-Lavoisier aDictionnaire des sigles et abréviations techniques et scientifiques. a457p. aOUVRAGE DE REFERENCE aABREVIATION c1982 lFr. a2-85206-144-9